Pedoman shalat / (Record no. 1176)
[ view plain ]
| 000 -LEADER | |
|---|---|
| fixed length control field | nam a22 7a 4500 |
| 005 - DATE AND TIME OF LATEST TRANSACTION | |
| control field | 20170508145923.0 |
| 008 - FIXED-LENGTH DATA ELEMENTS--GENERAL INFORMATION | |
| fixed length control field | 170508b1996 may||||| |||| 00| 0 may d |
| 020 ## - INTERNATIONAL STANDARD BOOK NUMBER | |
| International Standard Book Number | 9676900753 |
| 040 ## - CATALOGING SOURCE | |
| Original cataloging agency | AKMAL |
| 082 ## - DEWEY DECIMAL CLASSIFICATION NUMBER | |
| Classification number | 297.52 SHI |
| 090 ## - LOCALLY ASSIGNED LC-TYPE CALL NUMBER (OCLC); LOCAL CALL NUMBER (RLIN) | |
| Classification number (OCLC) (R) ; Classification number, CALL (RLIN) (NR) | 297.52 |
| Local cutter number (OCLC) ; Book number/undivided call number, CALL (RLIN) | SHI |
| 100 1# - MAIN ENTRY--PERSONAL NAME | |
| Personal name | Ash Ash-Shiddieqy, T. M. Hasbi, |
| Dates associated with a name | 1906- |
| 9 (RLIN) | 2380 |
| 245 10 - TITLE STATEMENT | |
| Title | Pedoman shalat / |
| Statement of responsibility, etc. | T.M. Hasbi Ash-Shiddieqy |
| 260 ## - PUBLICATION, DISTRIBUTION, ETC. | |
| Place of publication, distribution, etc. | Johor Baru; Batu Caves : |
| Name of publisher, distributor, etc. | Thinker's Library, |
| Date of publication, distribution, etc. | 1986 |
| 300 ## - PHYSICAL DESCRIPTION | |
| Extent | 590p. ; |
| Dimensions | 21cm |
| 650 #0 - SUBJECT ADDED ENTRY--TOPICAL TERM | |
| Topical term or geographic name entry element | Prayer |
| General subdivision | Islam |
| 9 (RLIN) | 1518 |
| 942 ## - ADDED ENTRY ELEMENTS (KOHA) | |
| Source of classification or shelving scheme | |
| Koha item type | Book |
| Withdrawn status | Lost status | Source of classification or shelving scheme | Damaged status | Not for loan | Collection code | Home library | Current library | Shelving location | Date acquired | Inventory number | Total Checkouts | Full call number | Barcode | Date last seen | Price effective from | Koha item type |
|---|---|---|---|---|---|---|---|---|---|---|---|---|---|---|---|---|
| NON-FICTION | AKMAL Melaka | AKMAL Melaka | PINJAMAN | 08.05.2017 | 000373 | 297.52 SHI | 201702284 | 08.05.2017 | 08.05.2017 | Book |
